• 首页
  • 本馆介绍
  • 公告通知
  • 最新文献
  • 馆藏检索
  • 电子资源
  • 读者导购
  • 参考咨询
  • 我的图书馆
  • 登录
  • 详细信息显示
  • 放入我的书架
  • 预约/预借图书
  • 作者相关作品
  • 分类相关作品
  • 丛书相关作品
  • 出版社相关作品

书目信息

  • 表格格式
  • 工作单格式
  • 卡片格式
题名:
球类运动:足球试用教材
    
 
作者: ;全国高等师范院校体育系足球教材编写组 著
分册:  
出版信息: 南京   南京师范大学体育系  1984
页数: 331页
开本: 20cm
丛书名:
单 册:
中图分类: G843.1
科图分类:
主题词: 球类运动
电子资源:
ISBN:
000 00691nam0 2200205 45
001 0405060994
005 20060803172146.42
010    @dCNY3.00
100    @a20040506d1984 km y0chiy0120 ea
101 0  @achi
105    @aa z 000yy
200 1  @a球类运动:足球试用教材@AQiu Lei Yun Dong:Zu Qiu Shi Yong Jiao Cai@f全国高等师范院校体育系足球教材编写组著@FQuan Guo Gao Deng Shi Fan Yuan Xiao Ti Yu Xi Zu Qiu Jiao Cai Bian Xie Zu Zhu
210    @a南京@c南京师范大学体育系@d1984
215    @a331页@d20cm
300    @a足球试用教材
606 0  @a球类运动
690    @aG843.1@v3
711 02 @a全国高等师范院校体育系足球教材编写组@4著
801    @aCN@bTSTCL@c20060803
905    @dG843.1@e76@f1@b251722
    
    球类运动:足球试用教材/全国高等师范院校体育系足球教材编写组著.-南京:南京师范大学体育系,1984
    331页;20cm
    足球试用教材
    
    ISBN :CNY3.00
    
●
相关链接 在E读中查询图书 在五车中查询图书 在当当中查询图书 在豆瓣中查询图书


正题名:球类运动:足球试用教材     索取号:G843.1/76         预约/预借

序号 登录号 条形码 馆藏地/架位号 状态 备注
1 0251718   000302256   密集书库/ [索取号:G843.1/76] 在馆    
2 0251719   000302265   密集书库/ [索取号:G843.1/76] 在馆    
3 0251720   000302274   密集书库/ [索取号:G843.1/76] 在馆    
4 0251721   000302283   密集书库/ [索取号:G843.1/76] 在馆    
5 0251722   001940172   密集书库/ [索取号:G843.1/76] 在馆    
6 0251723   000302210   第一样本阅览室/ [索取号:G843.1/76] 在馆    
7 0446718   204467184   密集书库/ [索取号:G843.1/76] 在馆    
唐山师范学院图书馆 欢迎您!
大连网信软件有限公司© 版权所有